<?xml version="1.0" encoding="UTF-8"?>
<record
    xmlns:xsi="http://www.w3.org/2001/XMLSchema-instance"
    xsi:schemaLocation="http://www.loc.gov/MARC21/slim http://www.loc.gov/standards/marcxml/schema/MARC21slim.xsd"
    xmlns="http://www.loc.gov/MARC21/slim">

  <leader>00885nam a22002417a 4500</leader>
  <datafield tag="999" ind1=" " ind2=" ">
    <subfield code="c">63381</subfield>
    <subfield code="d">63381</subfield>
  </datafield>
  <controlfield tag="005">20240530110638.0</controlfield>
  <controlfield tag="008">170926s2004    ua bo  f      000 0 ara d</controlfield>
  <datafield tag="020" ind1=" " ind2=" ">
    <subfield code="a">4775552095</subfield>
  </datafield>
  <datafield tag="040" ind1=" " ind2=" ">
    <subfield code="a">EG-CaGPL</subfield>
  </datafield>
  <datafield tag="082" ind1="0" ind2="4">
    <subfield code="2">21</subfield>
    <subfield code="a">355.0332962 \</subfield>
    <subfield code="b">CC / A E</subfield>
  </datafield>
  <datafield tag="100" ind1="0" ind2=" ">
    <subfield code="a">Ahmed Abdoul Razik Ahmed</subfield>
  </datafield>
  <datafield tag="245" ind1="1" ind2="4">
    <subfield code="a">The Egyptian Army Throughout Seven Thousand \</subfield>
    <subfield code="c">Authors Ahmed Abdoul Razik Ahmed , Gad Muhammed Taha , Muammed Abdul Halim ; Subject Matter Reviewed by Ali Maher Hijab ,  Muammed Abdul Wahab AI-Dwuaik</subfield>
  </datafield>
  <datafield tag="260" ind1=" " ind2=" ">
    <subfield code="a">Cairo :</subfield>
    <subfield code="b"> Ministry of Defense ,</subfield>
    <subfield code="c">2004.</subfield>
  </datafield>
  <datafield tag="300" ind1=" " ind2=" ">
    <subfield code="a">375 p. :</subfield>
    <subfield code="b">ill ;</subfield>
    <subfield code="c">30 cm.</subfield>
  </datafield>
  <datafield tag="650" ind1="0" ind2="4">
    <subfield code="a">MILITARY</subfield>
  </datafield>
  <datafield tag="650" ind1="0" ind2="4">
    <subfield code="a">MILITARY SCIENCE</subfield>
  </datafield>
  <datafield tag="650" ind1="0" ind2="4">
    <subfield code="a">MILITARY</subfield>
    <subfield code="x">HISTORY</subfield>
  </datafield>
  <datafield tag="700" ind1="0" ind2=" ">
    <subfield code="a">Gad Muhammed Taha</subfield>
    <subfield code="e">Author</subfield>
  </datafield>
  <datafield tag="700" ind1="0" ind2=" ">
    <subfield code="a">Muammed Abdul Halim</subfield>
    <subfield code="e">Author</subfield>
  </datafield>
  <datafield tag="700" ind1="0" ind2=" ">
    <subfield code="a">Ali Maher Hijab</subfield>
    <subfield code="e">Reviewer</subfield>
  </datafield>
  <datafield tag="700" ind1="0" ind2=" ">
    <subfield code="a">Muammed Abdul Wahab AI-Dwuaik</subfield>
    <subfield code="e">Reviewer</subfield>
  </datafield>
  <datafield tag="942" ind1=" " ind2=" ">
    <subfield code="2">ddc</subfield>
    <subfield code="c">BK</subfield>
  </datafield>
  <datafield tag="952" ind1=" " ind2=" ">
    <subfield code="0">0</subfield>
    <subfield code="1">0</subfield>
    <subfield code="4">0</subfield>
    <subfield code="7">0</subfield>
    <subfield code="a">CAI</subfield>
    <subfield code="b">CAI</subfield>
    <subfield code="c">MAIN-LIBRARY</subfield>
    <subfield code="d">2017-09-26</subfield>
    <subfield code="l">0</subfield>
    <subfield code="o">355.0332962 \ CC / A E</subfield>
    <subfield code="p">163390</subfield>
    <subfield code="r">2017-09-26 00:00:00</subfield>
    <subfield code="w">2017-09-26</subfield>
    <subfield code="y">BK</subfield>
  </datafield>
</record>
